00886nam a22002177a 4500999001700000003000900017008004100026040007100067082002400138100003200162245009200194260003600286300006000322505017800382650001500560650001700575650001700592856002300609942001600632945002000648  c12454d12454AR-CdUCM190222b           ||||| |||| 00| 0 spa d  aMUNICIPALIDAD PROVINCIAL DEL CUSCOcBIBLIOTECA MUNICIPAL DEL CUSCO  22ed.a985.01 /bV21  aValenzuela Lovón, Armando  aLa civilización andina  :bNuevo enfoque científico, filosófico y tecnológico /  aCusco :bJ.L. Editores, c2011.  a565 páginas ;c21 cm. eIlustraciones, fotografías.  aVisión general de la filosofía occidental e inka --  La sociedad y la política inka -- La ciencia en el mundo andino -- aportes de la cultura andina a la humanidad ...  aInka.9630  aAndino.9419  aSeq'es91193  fmanardo33@yahoo.es  2ddccLIBROS  amvrd2019-02-22